000 00267nam a22001217a 4500
008 170213b xxu||||| |||| 00| 0 eng d
041 _aeng
080 _217ED
_a61
100 _a4
101 _aSHM
245 _aHARRISON S MANUAL MEDICINE
_cFAUCI.S
942 _2udc
_cBK
999 _c5325
_d5325